000 00298nam a22001337a 4500
008 170522b xxu||||| |||| 00| 0 eng d
020 _a9780673992017
041 _aeng
080 _27 ED
_a94
100 _a16
101 _aSHH
245 _aHISTORY VIEWPOINTS
_cGARRATY.J.A
942 _2udc
_cBK
999 _c13694
_d13694